Francúzska ekonomika v najväčšej kríze

Príčiny najťažšej krízy francúzskeho hospodárstva. Očakávania vlády a negatívne hospodárske údaje. Ekonomické prognózy na rok 2004.

Salvato in:
Dettagli Bibliografici
Natura: Capitolo di libro
Lingua:slovacco
Soggetti:
Tags: Aggiungi Tag
Nessun Tag, puoi essere il primo ad aggiungerne!!

MARC

LEADER 00000naa$a2200000$$$4500
001 0002508
005 20230925124033.3
041 0 |a slo 
044 |a SK 
245 1 0 |a Francúzska ekonomika v najväčšej kríze 
520 |a Príčiny najťažšej krízy francúzskeho hospodárstva. Očakávania vlády a negatívne hospodárske údaje. Ekonomické prognózy na rok 2004. 
610 2 0 |a situácia hospodárska 
610 2 0 |a kríza hospodárska 
610 2 0 |a prognózy 
610 2 0 |a Francúzsko 
610 2 0 |a financie štátne 
610 2 0 |a rozpočet štátny